000 01295nam a2200289 i 4500
001 135441
003 ES-MaACL
005 20260120105946.0
007 t|
008 070718s1902 it ||||1| ita d
080 _a141.131
100 1 _aDella Torre, Arnaldo.
_943536
245 1 0 _aStoria dell'Accademia Platonica di Firenze /
_cper Arnaldo della Torre.
260 _aFirenze :
_b[R. Istituto di studi superiori pratici e di perfezionamento in Firenze],
_c1902 (
_fTip. G. Carnesecchi e Figli)
300 _aXVI, 858 p. ;
_c27 cm.
490 1 _aPubblicazioni del R. Istituto di studi superiori pratici e di perfezionamento in Firenze. Sezione di filosofia e filologia
505 8 _aContiene: Introduzione del platonismo in Firenze: Cosimo de'Medici e Marsilio Ficino
530 _aDisponible en formato digital.
600 1 4 _aMedici, Cosme,
_d1389-1464
_9173333
600 1 4 _aFicino, Marsilio.
_950682
650 4 _aPlatonismo.
_916132
830 1 _aPubblicazioni del R. Istituto di studi superiori pratici e di perfezionamento in Firenze. Sezione di filosofia e filologia
_9188503
852 4 _aES-MaACL
_jG-3328
_cDEPO2
856 4 _uhttps://archive.org/details/storiadellaccade00torr/page/n5/mode/2up
_y(Internet Archive)
942 _2udc
999 _c135441
_d135441